| 000 | 00733nam a2200301Ia 4500 | ||
|---|---|---|---|
| 005 | 20250115124452.0 | ||
| 008 | 008 250103s9999 xx 000 0 eng d | ||
| 020 | _a9783030756710 | ||
| 037 | _aTextual | ||
| 040 |
_aCSL _beng |
||
| 040 | _cCSL | ||
| 041 | _2eng | ||
| 041 | _aeng | ||
| 084 | _aC6:21 R1 | ||
| 084 | _qCSL | ||
| 100 |
_aSharma, R G _9732261 |
||
| 245 | 0 | _aSuperconductivity: Basics and applications to magnets | |
| 245 | 0 | _cSharma, R G | |
| 250 | _a2nd | ||
| 260 | _aSwitzerland | ||
| 260 | _bSpringer | ||
| 260 | _c2012 | ||
| 300 | _axxiv, 631p. ill. | ||
| 650 |
_aFusion reactors _9732262 |
||
| 650 | _aPhysics | ||
| 942 |
_cTEXL _hC6:21 R1 |
||
| 999 |
_c1236973 _d1236973 |
||